000 00554nam a2200229Ia 4500
003 OSt
005 20221005123115.0
006 a|||||r|||| 00| 0
007 ta
008 221004b |||||||| |||| 00| 0 tam d
024 _a52651
037 _cTextual
040 _aCRL
_cCRL
_btam
041 _2tam
_atam
082 _aX9M7wM35, 31K0
100 _aAbdul Au.
245 0 _aKodeeswara kodai vallal
260 _c1960
650 _aECONOMICS
942 _hX9M7wM35, 31K0
_cTEXL
_2cc
999 _c1046380
_d1046380